000 00486nam a2200157 i 4500
001 81569
003 ES-MaACL
005 20230906174450.0
007 t|
008 041105s1912 fr ||||1| fre d
100 1 _aHuszar, Guillaume.
_964827
245 1 2 _aL'influence de l'Espagne sur le theatre français des XVIII et XIX siecles /
_cpar Guillaume Huszar.
260 _a[S.l. :
_bs.n.],
_c1912 (
_eMaçon :
_fProtat Frères)
300 _a190 p. ;
_c19 cm.
852 _aES-MaACL
_jF-402
999 _c81569
_d81569